000 00467cab a2200193 4500
001 ABS36839
008 090401t1986 xxu||||| |||| 00| 0 eng d
035 _a(Sirsi) u587
041 _aeng
100 _aWright, P.
245 _aSoil survey as an aid to land management
260 _c1986
350 _a0
490 _aCountry Landowner
_v39 (9) September 1986, p35-36 (2)
690 _aRURAL PRACTICE
700 _aPrag, P.
942 _n0
948 _c04/03/1997
999 _c285
_d285